LIBRARY ONLINE CATALOGUE

The violence within / (Record no. 20887)

MARC details
000 -LEADER
fixed length control field 01179pam a2200373 a 4500
001 - CONTROL NUMBER
control field 1790892
003 - CONTROL NUMBER IDENTIFIER
control field OSt
005 - DATE AND TIME OF LATEST TRANSACTION
control field 20251203134202.0
008 - FIXED-LENGTH DATA ELEMENTS--GENERAL INFORMATION
fixed length control field 780615s1982 nyu b 000 0 eng
010 ## - LIBRARY OF CONGRESS CONTROL NUMBER
LC control number 78003139
020 ## - INTERNATIONAL STANDARD BOOK NUMBER
International Standard Book Number 0060682957 (pbk.) :
Terms of availability $6.95
020 ## - INTERNATIONAL STANDARD BOOK NUMBER
Canceled/invalid ISBN 0060682930
020 ## - INTERNATIONAL STANDARD BOOK NUMBER
International Standard Book Number 9780060682958
035 ## - SYSTEM CONTROL NUMBER
System control number 1790892
040 ## - CATALOGING SOURCE
Original cataloging agency DLC
Transcribing agency DLC
Modifying agency DLC
050 00 - LIBRARY OF CONGRESS CALL NUMBER
Classification number BT736.15
Item number .T68 1978
082 00 - DEWEY DECIMAL CLASSIFICATION NUMBER
Classification number 241
100 1# - MAIN ENTRY--PERSONAL NAME
Personal name Tournier, Paul.
240 10 - UNIFORM TITLE
Uniform title Violence et puissance.
Language of a work English
245 14 - TITLE STATEMENT
Title The violence within /
Statement of responsibility, etc. Paul Tournier.
250 ## - EDITION STATEMENT
Edition statement 1st Harper & Row paperback ed.
260 ## - PUBLICATION, DISTRIBUTION, ETC. (IMPRINT)
Place of publication, distribution, etc. Cambridge [Cambridgeshire] ;
-- New York :
Name of publisher, distributor, etc. Harper & Row,
Date of publication, distribution, etc. 1982.
300 ## - PHYSICAL DESCRIPTION
Extent vi, 201 p. ;
Dimensions 20 cm.
336 ## - CONTENT TYPE
Content type term text
Content type code txt
Source rdacontent
337 ## - MEDIA TYPE
Media type term unmediated
Media type code n
Source rdamedia
338 ## - CARRIER TYPE
Carrier type term volume
Carrier type code nc
Source rdacarrier
500 ## - GENERAL NOTE
General note Translation of: Violence et puissance.
504 ## - BIBLIOGRAPHY, ETC. NOTE
Bibliography, etc Bibliography: p. [196]-201.
650 #0 - SUBJECT ADDED ENTRY--TOPICAL TERM
Topical term or geographic name as entry element Violence
General subdivision Religious aspects
-- Christianity.
650 #0 - SUBJECT ADDED ENTRY--TOPICAL TERM
Topical term or geographic name as entry element Psychiatry and religion.
906 ## - LOCAL DATA ELEMENT F, LDF (RLIN)
a 7
b cbc
c orignew
d 1
e ocip
f 19
g y-gencatlg
942 ## - ADDED ENTRY ELEMENTS (KOHA)
Source of classification or shelving scheme Library of Congress Classification
Koha item type General Collection
Holdings
Withdrawn status Lost status Source of classification or shelving scheme Not for loan Home library Current library Date acquired Source of acquisition Inventory number Total Checkouts Full call number Barcode Date last seen Copy number Price effective from Koha item type
    Library of Congress Classification   Kabarak, Main Campus Kabarak, Main Campus 03/12/2025 Donation 2025/2718   BT736.15 .T68 1978 C.1 38880 03/12/2025 C.1 03/12/2025 General Collection